Why do ants cut up leaves (Record no. 160503)
[ view plain ]
| 000 -LEADER | |
|---|---|
| fixed length control field | 00242nam a2200097Ia 4500 |
| 082 ## - DEWEY DECIMAL CLASSIFICATION NUMBER | |
| Classification number | J 560.1 WHYD |
| 008 - FIXED-LENGTH DATA ELEMENTS--GENERAL INFORMATION | |
| fixed length control field | 210817s9999 xx 000 0 und d |
| 100 ## - MAIN ENTRY--PERSONAL NAME | |
| Personal name | Gallagher, Belinda |
| 9 (RLIN) | 49595 |
| 245 #0 - TITLE STATEMENT | |
| Title | Why do ants cut up leaves |
| 942 ## - ADDED ENTRY ELEMENTS | |
| item type | Books |
| -- | 923 |
| -- | Itumeleng Itswene |
| Withdrawn status | Lost status | Damaged status | Not for loan | Home library | Current library | Date acquired | Cost, normal purchase price | Total Checkouts | Barcode | Date last seen | Price effective from | item type |
|---|---|---|---|---|---|---|---|---|---|---|---|---|
| eMzinoni | eMzinoni | 18.08.2021 | 11.54 | 3228200010350 | 18.08.2021 | 18.08.2021 | Books |